| 000 | 00498nam a2200181 a 4500 | ||
|---|---|---|---|
| 001 | 000042664 | ||
| 005 | 20201002040317.0 | ||
| 008 | 140204s1995 enk 000 0 spa d | ||
| 020 | _a0146000196 | ||
| 040 |
_aDO-SdBNP _bspa _cBNPHU |
||
| 082 |
_axxx _bxxx |
||
| 100 | 1 |
_aBoyd, William _969951 |
|
| 245 | 1 | 0 |
_aKilling Lizards And Other Stories / _cWilliam Boyd. |
| 260 |
_aLondon : _bPenguin Books, _c1995. |
||
| 300 |
_a83 p. ; _c14 p. |
||
| 490 | 1 |
_aPenguin _v60 s |
|
| 830 | 0 |
_aPenguin _n60 s _969952 |
|
| 999 |
_c42153 _d42153 |
||